[Event "Albena"]
[Site "Albena"]
[Date "1985.??.??"]
[Round "?"]
[White "Spassov, Liuben"]
[Black "Vilela, Jose Luis"]
[Result "1/2-1/2"]
[WhiteElo "2395"]
[BlackElo "2430"]

1.d4 Nf6 2.c4 e6 3.Nf3 b6 4.g3 Ba6 5.b3 Bb4+ 6.Bd2 Be7 7.Nc3 Bb7 8.Bg2 d5
9.cxd5 exd5 10.O-O O-O 11.Qc2 Na6 12.Rfd1 Re8 13.Bf4 Qc8 14.Be5 Ne4 15.Bf4  1/2-1/2

[Event "Albena"]
[Site "Albena"]
[Date "1985.??.??"]
[Round "?"]
[White "Lechtynsky, Jiri"]
[Black "Vilela, Jose Luis"]
[Result "1/2-1/2"]
[WhiteElo "2450"]
[BlackElo "2430"]

1.d4 Nf6 2.Nf3 e6 3.c4 b6 4.g3 Ba6 5.Nbd2 Bb4 6.Qa4 c5 7.a3 Bxd2+ 8.Bxd2 Bb7
9.Bg2 O-O 10.O-O Bc6 11.Qd1 d6 12.Bg5 Nbd7 13.Re1 Qc7 14.b4 Rfe8 15.Qd2 h6
16.Be3 Rad8 17.Rad1 Ne4 18.Qc2 Ndf6 19.h3 Qc8 20.dxc5  1/2-1/2

[Event "AUT-ch"]
[Site "?"]
[Date "1985.??.??"]
[Round "8"]
[White "Kwatschewsky, Leo"]
[Black "Titz, Heimo"]
[Result "1/2-1/2"]
[WhiteElo "2325"]
[BlackElo "2325"]

1.d4 Nf6 2.c4 e6 3.Nf3 b6 4.g3 Ba6 5.b3 Bb4+ 6.Bd2 Be7 7.Bg2 Bb7 8.O-O O-O
9.Bc3 d5 10.Ne5 c5 11.Nd2 cxd4 12.Bxd4 Nc6 13.Nxc6 Bxc6 14.Bb2 Rc8 15.cxd5 Bxd5
16.e4 Ba8 17.f3 Bb7 18.Rc1 Ba6 19.Nc4 Bxc4 20.Rxc4 Rxc4 21.bxc4 Qc7 22.Qe2 Rd8
23.Rc1 Bc5+ 24.Kh1 e5 25.Rd1 Rxd1+ 26.Qxd1 Kf8 27.Bh3 Ke7 28.Qa1 Bd6 29.f4 Nxe4
30.Qe1 Qc6 31.Bg2 f5 32.g4 Qc5 33.Bxe4 fxe4 34.fxe5 Bxe5 35.Qxe4 Kd6 36.Ba3 Qxa3
37.Qd5+ Ke7 38.Qxe5+ Kf8 39.Qf5+ Ke8 40.Qc8+ Ke7 41.Qc7+ Kf6 42.Qf4+ Ke7  1/2-1/2

[Event "Balatonbereny op"]
[Site "Balatonbereny"]
[Date "1985.??.??"]
[Round "1"]
[White "Jukic, Mirko"]
[Black "Farago, Ivan"]
[Result "0-1"]
[WhiteElo "2380"]
[BlackElo "2510"]

1.Nf3 Nf6 2.d4 e6 3.c4 b6 4.g3 Ba6 5.Qa4 Bb7 6.Bg2 c5 7.O-O Be7 8.Nc3 O-O
9.Rd1 Bc6 10.Qc2 cxd4 11.Nxd4 Bxg2 12.Kxg2 Qc8 13.b3 Qb7+ 14.f3 a6 15.e4 d6
16.a4 Rc8 17.Ba3 Nbd7 18.Qd2 Bf8 19.Nc2 Ne8 20.Rab1 Rc7 21.Bb4 Rac8 22.Qe2 Ne5
23.a5 Nc6 24.axb6 Qxb6 25.Na4 Qb8 26.Bc3 Rb7 27.b4 Na5 28.bxa5 Rxb1 29.Rxb1 Qxb1
30.Nb6 Rc7 31.Nb4 f5 32.exf5 Qxf5 33.Nxa6 Rf7 34.Qe4 Qxe4 35.fxe4 Rb7 36.Nb4 Nc7
37.Nc6 Na6 38.Kf3 Be7 39.Ke2 Rc7 40.Nxe7+ Rxe7 41.h4 h5 42.e5 dxe5 43.Bxe5 Rf7
44.Bd6 Kh7 45.c5 Nb4 46.Nc4 Ra7 47.Ke3 Nc6 48.Ke4 Kg8 49.Kf4 Nxa5 50.Ne5 Ra6
51.Kg5 Nb7 52.Be7 Ra5 53.Nc6 Ra1 54.Kxh5 Rc1 55.Kg6 Nxc5 56.Nd4 Nd7 57.Ne2 Rc2  0-1

[Event "Balatonbereny op"]
[Site "Balatonbereny"]
[Date "1985.??.??"]
[Round "2"]
[White "Jasnikowski, Zbigniew"]
[Black "Sax, Gyula"]
[Result "1/2-1/2"]
[WhiteElo "2385"]
[BlackElo "2535"]

1.d4 Nf6 2.c4 e6 3.Nf3 b6 4.g3 Ba6 5.b3 Bb4+ 6.Bd2 Be7 7.Nc3 d5 8.Bg2 c6
9.O-O O-O 10.Bf4 Nbd7 11.Qd3 c5 12.Nb5 Bxb5 13.cxb5 Rc8 14.Rac1 Nh5 15.Bd2 Nhf6
16.Ne5 Nxe5 17.dxe5 Nd7 18.f4 Re8 19.Rfd1 Qc7  1/2-1/2

[Event "Balatonbereny op"]
[Site "Balatonbereny"]
[Date "1985.??.??"]
[Round "3"]
[White "Gauglitz, Gernot"]
[Black "Farago, Ivan"]
[Result "1/2-1/2"]
[WhiteElo "2365"]
[BlackElo "2510"]

1.d4 Nf6 2.c4 e6 3.Nf3 b6 4.g3 Ba6 5.b3 Bb4+ 6.Bd2 Be7 7.Nc3 d5 8.cxd5 exd5
9.Bg2 O-O 10.O-O Bb7 11.Bf4 Na6 12.Qb1 Qd7 13.Qb2 h6 14.Rac1 Qe6 15.Rfd1 Rfe8
16.Ne5 Bf8 17.Nd3 Ne4 18.Be3 c6 19.Ne5 Nd6 20.h4 Rad8 21.Kh2 Nf5 22.Bh3 Qf6
23.Ng4 Qe7 24.Bf4 Nb8 25.Qb1 Nd6 26.Rd3 Bc8 27.Bxd6 Qxd6 28.Rf3 Be7 29.Kg2 h5  1/2-1/2

[Event "Balatonbereny op"]
[Site "Balatonbereny"]
[Date "1985.??.??"]
[Round "11"]
[White "Gauglitz, Gernot"]
[Black "Sax, Gyula"]
[Result "1/2-1/2"]
[WhiteElo "2365"]
[BlackElo "2535"]

1.d4 Nf6 2.c4 e6 3.Nf3 b6 4.g3 Ba6 5.b3 Bb4+ 6.Bd2 Be7 7.Bg2 d5 8.cxd5 exd5
9.Nc3 O-O 10.O-O Bb7 11.Bc1 Re8 12.Bb2 Nbd7 13.Qc2 Bf8  1/2-1/2

[Event "Borgarnes"]
[Site "Borgarnes"]
[Date "1985.??.??"]
[Round "5"]
[White "Solmundarson, Magnus"]
[Black "Petursson, Margeir"]
[Result "0-1"]
[WhiteElo "2270"]
[BlackElo "2535"]

1.d4 Nf6 2.Nf3 e6 3.c4 b6 4.g3 Ba6 5.Qa4 c6 6.Bf4 b5 7.cxb5 cxb5 8.Qd1 Nc6
9.Bg2 Rc8 10.O-O Be7 11.Re1 d5 12.Nbd2 O-O 13.Nb3 Qb6 14.Rc1 b4 15.e3 Ne4
16.g4 Na5 17.Ne5 Bb5 18.Rxc8 Rxc8 19.Qb1 Nxb3 20.axb3 f6 21.Bxe4 dxe4 22.Nc4 Qc6
23.Qc2 a5 24.Qd2 Bxc4 25.Rc1 Qd5 26.bxc4 Rxc4 27.Rxc4 Qxc4 28.Qd1 b3 29.Qb1 a4  0-1

[Event "Budapest Elekes"]
[Site "Budapest"]
[Date "1985.??.??"]
[Round "?"]
[White "Groszpeter, Attila"]
[Black "Biro, Andras"]
[Result "1-0"]
[WhiteElo "2470"]
[BlackElo "2395"]

1.d4 Nf6 2.c4 e6 3.Nf3 b6 4.g3 Ba6 5.b3 Bb4+ 6.Bd2 Be7 7.Bg2 O-O 8.O-O d5
9.cxd5 Nxd5 10.Nc3 Nd7 11.Nxd5 exd5 12.Rc1 Re8 13.Rc2 c5 14.Be3 Bb7 15.Ne1 Bg5
16.Bxg5 Qxg5 17.Nd3 Qe7 18.Bh3 Bc8 19.Bxd7 Bxd7 20.dxc5 bxc5 21.Nxc5 Bf5
22.Nd3 Qe4 23.Re1 Rac8 24.Rxc8 Rxc8 25.Qd2 h6 26.Rc1 Re8 27.Nf4 d4 28.f3 Qe5
29.Kf2 g5 30.Ng2 Bh3 31.Ne1 Qe3+ 32.Qxe3 dxe3+ 33.Kg1 Bf5 34.Rc3 g4 35.f4 Bb1
36.a3 Kg7 37.Ng2 Rd8 38.Nxe3 Rd2 39.Kf2 h5  1-0

[Event "BUL-FRA"]
[Site "?"]
[Date "1985.??.??"]
[Round "2"]
[White "Andruet, Gilles"]
[Black "Donchev, Dimitar I"]
[Result "0-1"]
[WhiteElo "2390"]
[BlackElo "2450"]

1.d4 Nf6 2.c4 e6 3.Nf3 b6 4.g3 Ba6 5.b3 Bb4+ 6.Bd2 Be7 7.Nc3 c6 8.e4 d5 9.e5 Ne4
10.Bd3 Nxc3 11.Bxc3 c5 12.dxc5 Bxc5 13.O-O Qd7 14.Qe2 dxc4 15.bxc4 Bb7 16.Ng5 Be7
17.Ne4 Na6 18.Rad1 Nc5 19.Nd6+ Bxd6 20.exd6 f6 21.Bc2 O-O 22.Bb4 Rac8 23.f3 Rc6
24.Bxc5 Rxc5 25.Rd2 e5 26.Rfd1 g6 27.Rb1 Kg7 28.Rb5 Rfc8 29.Rxc5 Rxc5 30.Qd3 Rc8
31.Kg2 Rd8 32.Bb3 Qc6 33.Bc2 Rd7 34.Rd1 Rxd6 35.Qxd6 Qxf3+  0-1

[Event "BUL-FRA"]
[Site "?"]
[Date "1985.??.??"]
[Round "5"]
[White "Spiridonov, Nikola"]
[Black "Renet, Olivier"]
[Result "1/2-1/2"]
[WhiteElo "2400"]
[BlackElo "2375"]

1.c4 Nf6 2.Nf3 b6 3.d4 e6 4.g3 Ba6 5.b3 Bb4+ 6.Bd2 Be7 7.Bg2 O-O 8.O-O Bb7
9.Nc3 Na6 10.Bc1 d5 11.Ne5 c5 12.Bb2 Qb8 13.cxd5 exd5 14.e3 Rd8 15.Rc1 Qd6
16.Nb5 Qe6 17.Re1 Ne4 18.Qe2 Bf8 19.Red1 Qe8 20.a4 Nf6 21.Nd3 Ne4 22.Nf4 Qe7
23.Ba3 Qe8 24.Bb2 Qe7 25.h4 Rd7 26.Bh3 Rdd8 27.Ba3 Qe8 28.Bb2 Qe7 29.Nd3 Bc8
30.Bg2 Bb7 31.Bc3 Qe6 32.Bf3 Qe8 33.Bb2 Nd6 34.Nf4 Nxb5 35.Qxb5 Qxb5 36.axb5 Nc7
37.Be2 a5 38.bxa6 Nxa6 39.Ra1 Nb4 40.Bc3 Na2 41.Be1 cxd4 42.Rxd4 Bc5 43.Ra4 Rxa4
44.bxa4 Nb4 45.Bxb4 Bxb4 46.Bf3 Kf8 47.Rd1 Bc6 48.Bxd5 Bc5 49.Bb3 Rxd1+ 50.Bxd1 Ke7
51.Bb3 h6 52.Kf1 g5 53.hxg5 hxg5 54.Nd3 Bd6 55.Ke1 Be4 56.Nb2 Bc7 57.Kd2 Bc6
58.Bc4 Kf6 59.Bb5 Bd5 60.Nd1 Bf3 61.Nc3 Be5 62.Kd3 Ke7 63.Kc4 Kd6 64.Kb4 f5
65.Bd3 f4 66.gxf4 gxf4 67.exf4 Bxf4 68.Be4 Bh5 69.Bc2 Be8 70.Kc4 Ke5 71.Nd1 Bd2
72.Nb2 Kf4 73.Nd3+ Kf3 74.Bd1+ Ke4 75.Bc2 Kf3 76.Bd1+ Ke4 77.Bc2  1/2-1/2

[Event "Capablanca mem-B"]
[Site "Cienfuegos"]
[Date "1985.??.??"]
[Round "2"]
[White "Lechtynsky, Jiri"]
[Black "Csom, Istvan"]
[Result "1/2-1/2"]
[WhiteElo "2445"]
[BlackElo "2480"]

1.d4 Nf6 2.c4 e6 3.Nf3 b6 4.g3 Ba6 5.Nbd2 Bb4 6.Qa4 c5 7.a3 Bxd2+ 8.Bxd2 O-O
9.Bg2 Bb7 10.O-O Qe7 11.Rfd1 Rc8 12.Rac1 d6 13.Bc3 Nbd7 14.Ne5 Bxg2 15.Nxd7 Bc6
16.Nxf6+ Qxf6 17.Qc2 Qg5 18.e4  1/2-1/2

[Event "Gausdal zt"]
[Site "Gausdal"]
[Date "1985.??.??"]
[Round "?"]
[White "Olafsson, Helgi"]
[Black "Hansen, Curt"]
[Result "1/2-1/2"]
[WhiteElo "2515"]
[BlackElo "2505"]

1.d4 Nf6 2.Nf3 e6 3.c4 b6 4.g3 Ba6 5.b3 Bb4+ 6.Bd2 Be7 7.Bg2 d5 8.cxd5 Nxd5
9.Nc3 Nd7 10.O-O O-O 11.Nxd5 exd5 12.Rc1 Re8 13.Re1 c5 14.Rc2 Bb7 15.Be3 a5
16.Qc1 a4 17.Bh3 axb3 18.axb3 cxd4 19.Nxd4 Nc5 20.Rd1 Bf6 21.b4 Ne6 22.Bxe6 fxe6
23.Rc7 Rb8 24.b5 Qd6 25.Qc2 Kh8 26.Nf3 e5 27.Ng5 Bxg5 28.Bxg5 h6 29.Bc1 d4
30.f3 Rbc8 31.Rxc8 Rxc8 32.Qd3 Qe6 33.Bb2 Bd5 34.Rc1 Rxc1+ 35.Bxc1 Bc4 36.Qe4 Bxb5
37.Bf4 d3 38.exd3 Bxd3 39.Qxe5 Qh3 40.Qe1  1/2-1/2

[Event "Gausdal zt"]
[Site "Gausdal"]
[Date "1985.??.??"]
[Round "?"]
[White "Petursson, Margeir"]
[Black "Hansen, Curt"]
[Result "1/2-1/2"]
[WhiteElo "2535"]
[BlackElo "2505"]

1.d4 Nf6 2.c4 e6 3.Nf3 b6 4.g3 Ba6 5.b3 Bb4+ 6.Bd2 Be7 7.Nc3 c6 8.e4 d5 9.e5 Ne4
10.Bd3 Nxc3 11.Bxc3 Bb7 12.Qe2 c5 13.dxc5 bxc5 14.O-O d4 15.Bd2 O-O 16.Be4 Qc7
17.Rfe1 Nd7 18.Qd3 Bxe4 19.Rxe4 a5 20.Bg5 Rfe8 21.Bxe7 Rxe7 22.Rae1 a4 23.h4 axb3
24.axb3 Ra3 25.Nd2 Qb8 26.R4e2 Qb4 27.Rb1 Re8 28.Nf3 Rb8 29.Ng5 h6 30.Qh7+ Kf8
31.Nxe6+ fxe6 32.Re4 Nxe5 33.Rxe5 Rxb3 34.Rxb3 Qxb3 35.Re4 e5 36.Rxe5 Qb1+  1/2-1/2

[Event "Havana-B"]
[Site "Havana"]
[Date "1985.??.??"]
[Round "1"]
[White "Dlugy, Maxim"]
[Black "Vilela, Jose Luis"]
[Result "1/2-1/2"]
[WhiteElo "2485"]
[BlackElo "2415"]

1.d4 Nf6 2.c4 e6 3.Nf3 b6 4.g3 Ba6 5.Qa4 Bb7 6.Bg2 c5 7.dxc5 Bxc5 8.O-O O-O
9.Nc3 Be7 10.Bf4 Na6 11.Rad1 Qc8 12.Nb5 Bc6 13.Qb3 Ne8 14.Qd3 Qb7 15.Nd6 Nxd6
16.Bxd6 Nc5 17.Qe3 Bxd6 18.Rxd6 a5 19.Rfd1 Rac8 20.b3 f5 21.Ne1 Bxg2 22.Nxg2 b5
23.cxb5 Qxb5 24.Qe5 Qb8 25.Qd4 Qb4 26.Ne3 Qxd4 27.R1xd4 Rc7 28.Nc4 Ra8 29.Ne5 Raa7
30.Rc4 Kf8 31.Nc6 Rxc6 32.Rxc6 dxc6 33.Rxc5 Ra6 34.e4 fxe4 35.Re5 Ke7 36.Rxe4 Rb6
37.Ra4 Rb5 38.Kg2 Kd6 39.Kf3 Rf5+ 40.Ke3 h5 41.Rd4+ Kc5 42.Rc4+ Kd5 43.Ra4 Kd6
44.h4 Re5+ 45.Re4 Rf5 46.Rd4+ Rd5 47.f3 e5 48.Rc4 g6 49.g4 c5 50.gxh5 gxh5
51.f4 exf4+ 52.Rxf4 Kc6 53.a4 Rd1 54.Rf6+ Kb7 55.Ke4 Rd4+ 56.Ke5 Rxh4 57.Kd5 Rb4
58.Kxc5 Rxb3 59.Rh6  1/2-1/2

[Event "Havana-B"]
[Site "Havana"]
[Date "1985.??.??"]
[Round "11"]
[White "Zaltsman, Vitaly F"]
[Black "Vaisser, Anatoli"]
[Result "1/2-1/2"]
[WhiteElo "2410"]
[BlackElo "2490"]

1.d4 Nf6 2.c4 e6 3.Nf3 b6 4.g3 Ba6 5.Qa4 Bb7 6.Bg2 c5 7.dxc5 Bxc5 8.O-O O-O
9.Nc3 Be7 10.Bf4 Na6 11.Rad1 Qc8 12.Nb5 Nc5 13.Qc2 Be4 14.Qd2 Bc6 15.Qe3 Bxb5
16.cxb5 d5 17.Ne5 Nce4 18.Nc6 Bc5 19.Qc1 a6 20.Qxc5 Nxc5 21.Ne7+ Kh8 22.Nxc8 Rfxc8
23.bxa6 Nxa6 24.Rc1 Nb4 25.Rxc8+ Rxc8 26.a3 Na6 27.Rc1 Rxc1+ 28.Bxc1 Kg8
29.Be3 Nd7 30.f4 f5 31.Bd4 Nc7 32.e3 Nb5 33.Bf1 Nxd4 34.exd4 Kf7 35.Kf2 Ke7
36.Ke3 Nf6 37.Be2 Kd6 38.a4 Kc6 39.Bb5+ Kc7 40.Be2 Ne4 41.g4 Kc6 42.h3  1/2-1/2

[Event "Lugano op"]
[Site "Lugano"]
[Date "1985.??.??"]
[Round "?"]
[White "Bouaziz, Slim"]
[Black "Farago, Ivan"]
[Result "1/2-1/2"]
[WhiteElo "2390"]
[BlackElo "2525"]

1.d4 Nf6 2.c4 e6 3.Nf3 b6 4.g3 Ba6 5.b3 Bb4+ 6.Bd2 Be7 7.Bg2 d5 8.O-O O-O
9.Bc3 Nbd7 10.Nbd2 c5 11.Re1 Rc8 12.Rc1 cxd4 13.Bxd4 Ba3 14.Rc2 Qe7 15.cxd5 Rxc2
16.Qxc2 Rc8 17.Qb1 Nxd5 18.Bf1 Nb4 19.Nc4 Bxc4 20.bxc4 Nc6 21.Bc3 Bb4 22.Bxb4 Qxb4
23.Qxb4 Nxb4 24.e3 Kf8 25.Kg2 Ke7 26.Nd4 Ne5 27.a3 Nbc6 28.Nb3 Nd8 29.Rc1 Nb7
30.f4 Ng4 31.Rc3 Nd6 32.h3 Nf6 33.Rc1 Nfe4 34.Kf3 Nc5 35.Nd4 Na4 36.Rc2 f6
37.Bd3 Nc5 38.Be2 e5 39.Nb5 e4+ 40.Kg2 Nf5 41.Kf2 a6 42.Nc3 Nd3+ 43.Bxd3 exd3
44.Rd2 b5 45.Rxd3 Rxc4 46.Kf3 Nd6 47.e4 Ke6 48.Ne2 Rc7 49.Nd4+ Kf7 50.e5 fxe5
51.fxe5 Nc4 52.Ke4 Rc5 53.Nf3 Ke7 54.Kd4 Rc8 55.Rc3 Rd8+ 56.Ke4 Rc8 57.Kd4 Rd8+
58.Ke4 Rc8 59.Kd4  1/2-1/2

[Event "URS-ch U26"]
[Site "Lvov"]
[Date "1985.??.??"]
[Round "?"]
[White "Novikov, Igor A"]
[Black "Shneider, Aleksandr"]
[Result "1/2-1/2"]
[WhiteElo "2460"]
[BlackElo "2420"]

1.d4 Nf6 2.c4 e6 3.Nf3 b6 4.g3 Ba6 5.b3 Bb4+ 6.Bd2 Be7 7.Nc3 c6 8.e4 d5 9.e5 Ne4
10.Bd3 Nxc3 11.Bxc3 c5 12.dxc5 bxc5 13.O-O Bb7 14.Qe2 d4 15.Bd2 Qd7 16.Be4 Nc6
17.Rfe1 a5 18.h4 a4 19.Rab1 axb3 20.axb3 Kd8 21.Ra1 Kc7 22.Bf4 h6 23.h5 Rxa1
24.Rxa1 Ra8 25.Rxa8 Bxa8 26.Ne1 Qc8 27.Qa2  1/2-1/2

[Event "URS-ch U26"]
[Site "Lvov"]
[Date "1985.??.??"]
[Round "?"]
[White "Neverov, Valeriy"]
[Black "Kharitonov, Andrei Y"]
[Result "1-0"]
[WhiteElo "2480"]
[BlackElo "2450"]

1.d4 Nf6 2.c4 e6 3.Nf3 b6 4.g3 Ba6 5.b3 Bb4+ 6.Bd2 Be7 7.Bg2 c6 8.Bc3 d5
9.Nbd2 Nbd7 10.O-O Rc8 11.Re1 O-O 12.e4 Bb7 13.Qc2 Rc7 14.e5 Ne8 15.c5 bxc5
16.Ba5 cxd4 17.Nxd4 Nb6 18.b4 Qb8 19.N2b3 Rc8 20.Bf1 Nd7 21.Nc5 Nxc5 22.bxc5 Nc7
23.Rab1 Qa8 24.Qb2 Ba6 25.Bxc7 Bxf1 26.Bd6 Bxd6 27.exd6 Bb5 28.Qc2 Rfd8 29.f4 g6
30.h4 a5 31.a4 Bc4 32.Rb6 Rb8 33.Reb1 Rxb6 34.Rxb6 Rxd6 35.cxd6 Qa7 36.Rxc6 Qxd4+
37.Qf2 Qa1+ 38.Kh2 Bd3 39.d7 Be4 40.d8=Q+ Kg7 41.g4  1-0

[Event "URS-ch U26"]
[Site "Lvov"]
[Date "1985.??.??"]
[Round "?"]
[White "Shneider, Aleksandr"]
[Black "Vyzmanavin, Alexey"]
[Result "1/2-1/2"]
[WhiteElo "2420"]
[BlackElo "2485"]

1.d4 Nf6 2.c4 e6 3.Nf3 b6 4.g3 Ba6 5.b3 Bb4+ 6.Bd2 Be7 7.Nc3 d5 8.cxd5 exd5
9.Bg2 Bb7 10.O-O O-O 11.Qc2 Nbd7 12.Rfd1 c6 13.Qb2 a5 14.Ne1 Re8 15.Nd3 Bd6
16.Bf4 Qe7 17.Bxd6 Qxd6 18.e3 h5 19.h4 g6 20.Rac1 Re6 21.Nf4 Re7 22.a3 Ree8
23.Nd3 Ba6 24.Nf4 Bb7 25.Rc2 Re7 26.Rdc1 Ree8 27.Nd3 Ba6 28.Nf4 Bb7 29.Bh3 Red8
30.Na4 Re8 31.Rd1 Re7 32.Qc1 Rae8 33.Nc3 Ra8 34.Na4 Rae8 35.Nc3 Ra8 36.Bg2 Ree8
37.Qb2 Re7 38.Qa1 Ree8 39.Qc1 Re7 40.Nd3 Rae8 41.Nf4 Nf8 42.Qb2 Ra8 43.Rcc1 N8d7
44.b4 axb4 45.Qxb4 Ne8 46.e4 dxe4 47.Nxe4 Qxb4 48.axb4 Rd8 49.Nc3 Nd6 50.Ra1 Nf6
51.d5 c5 52.bxc5 bxc5 53.Rdb1 Nfe8 54.Ra7 Rc7 55.Nd3 Ra8 56.Rxa8 Bxa8 57.Rb8 Bb7
58.Ne4 Rc8 59.Rxc8 Bxc8 60.Nexc5 Nc4 61.Nb4 Ned6 62.Bf1 Nd2 63.Be2 Bg4 64.Bxg4 hxg4
65.Nd7 Kg7 66.Nd3 f6 67.Kg2 Kf7 68.N7c5 Ke7 69.Ne6 Nf7 70.Nec5 Kd6 71.Na4 Ne5
72.Nxe5 Kxe5 73.Nc3 f5 74.Ne2  1/2-1/2

[Event "WchT U26"]
[Site "Mendoza"]
[Date "1985.??.??"]
[Round "12"]
[White "Dlugy, Maxim"]
[Black "Sokolov, Andrei"]
[Result "1/2-1/2"]
[WhiteElo "2485"]
[BlackElo "2550"]

1.d4 Nf6 2.c4 e6 3.Nf3 b6 4.g3 Ba6 5.Qa4 Bb7 6.Bg2 c5 7.dxc5 Bxc5 8.O-O O-O
9.Nc3 Be7 10.Bf4 d6 11.Rfd1 Na6 12.Nb5 Nc5 13.Qc2 d5 14.cxd5 exd5 15.Rac1 Qd7
16.Nbd4 Rfc8 17.Qf5 Qe8 18.Qb1 Nce4 19.Bh3 Rxc1 20.Rxc1 Bc8 21.Bxc8  1/2-1/2

[Event "Montpellier zt"]
[Site "Montpellier"]
[Date "1985.??.??"]
[Round "?"]
[White "Bohm, Hans"]
[Black "Van der Wiel, John TH"]
[Result "0-1"]
[WhiteElo "2435"]
[BlackElo "2500"]

1.d4 Nf6 2.c4 e6 3.Nf3 b6 4.g3 Ba6 5.Nbd2 c5 6.Bg2 Bb7 7.O-O cxd4 8.Nxd4 Bxg2
9.Kxg2 Qc7 10.Qb3 Nc6 11.Qf3 Rc8 12.Nxc6 Qxc6 13.b3 Be7 14.Bb2 O-O 15.Rac1 Qxf3+
16.Kxf3 Rc6 17.Rfd1 d6 18.h4 Nd7 19.Ne4 f5 20.Nd2 Nc5 21.Kg2 a6 22.Bd4 Rfc8
23.f3 b5 24.Rb1 Kf7 25.Rb2 Bf6 26.Bxf6 Kxf6 27.Kf2 bxc4 28.bxc4 Ke7 29.Rb4 Nd7
30.Rb7 R8c7 31.Rxc7 Rxc7 32.Rb1 Rc5 33.Ke3 Re5+ 34.Kf2 Ra5 35.Rb2 Ra4 36.Ke3 Ra3+
37.Kf2 Kd8 38.Ke1 Kc7 39.Nb3 e5 40.Rc2 a5 41.Kd2 Nc5 42.Nc1 h5 43.Rc3 Rxc3
44.Kxc3 Kc6 45.e3 Ne6 46.Ne2 g5 47.g4 hxg4 48.fxg4 gxh4 49.gxf5 Ng5 50.Kd3 Kc5
51.a3 e4+ 52.Kc3 h3 53.Ng3 h2 54.Kb3 a4+ 55.Kc3 d5 56.cxd5 Kxd5 57.f6 Kc5
58.Nh1 Nf7 59.Nf2 Nd6 60.Kd2 Kc4 61.Kc2 Kd5 62.Kc3 Ke6 63.Kd4 Nb5+ 64.Kxe4 Nxa3
65.Kf3 Nb5 66.Kg2 a3 67.Nd3 a2 68.Nc5+ Kxf6 69.Nb3 Ke5 70.Kxh2 Kd5  0-1

[Event "Montpellier zt"]
[Site "Montpellier"]
[Date "1985.??.??"]
[Round "?"]
[White "Langeweg, Kick"]
[Black "Van der Wiel, John TH"]
[Result "0-1"]
[WhiteElo "2390"]
[BlackElo "2500"]

1.d4 Nf6 2.Nf3 e6 3.c4 b6 4.g3 Ba6 5.b3 d5 6.Bg2 dxc4 7.Ne5 Bb4+ 8.Kf1 Nfd7
9.Nxc4 c6 10.Bb2 b5 11.Ne3 O-O 12.Nd2 Nf6 13.Nc2 Be7 14.b4 Nd5 15.a3 Nd7
16.Ne1 N7b6 17.Nd3 Nc4 18.Qe1 Bf6 19.Nf3 Nxb2 20.Nxb2 Bb7 21.Nd3 a5 22.e3 axb4
23.axb4 Be7 24.Rxa8 Qxa8 25.e4 Qa3 26.Nc5 Bxc5 27.bxc5 Nc3 28.Kg1 Rd8 29.e5 b4
30.h4 Nb5 31.Qe4 Nxd4 32.Ng5 Nf5 33.Bh3 h6 34.Bxf5 exf5 35.Qxf5 hxg5 36.hxg5 Rd1+
37.Kg2 Qd3  0-1

[Event "Moscow-B"]
[Site "Moscow"]
[Date "1985.??.??"]
[Round "?"]
[White "Arkhipov, Sergey"]
[Black "Eingorn, Vereslav S"]
[Result "1/2-1/2"]
[WhiteElo "2550"]
[BlackElo "2525"]

1.d4 Nf6 2.c4 e6 3.Nf3 b6 4.g3 Ba6 5.Nbd2 d5 6.Bg2 Be7 7.O-O O-O 8.Ne5 Bb7
9.cxd5 exd5 10.Ndf3 Ne4 11.Bf4 c5 12.Nd2 cxd4 13.Nb3 Bf6 14.Nf3 Nc6 15.Nbxd4 Nxd4
16.Nxd4 Rc8 17.Rc1 Qd7 18.Be3 h6 19.Re1 h5 20.Qb3 h4 21.Red1 Rxc1 22.Rxc1 Rc8
23.Rxc8+ Qxc8 24.Nb5 Qd7 25.Bd4 hxg3 26.hxg3 Ba6 27.Bxf6 Bxb5 28.Be5 Bxe2
29.Qe3 Bb5 30.Qd4 f6  1/2-1/2

[Event "JUG-ch"]
[Site "Novi Sad"]
[Date "1985.??.??"]
[Round "?"]
[White "Redzepagic, Rolando"]
[Black "Popovic, Petar"]
[Result "1/2-1/2"]
[WhiteElo "2300"]
[BlackElo "2540"]

1.d4 Nf6 2.c4 e6 3.Nf3 b6 4.g3 Ba6 5.Nbd2 Bb4 6.Qb3 c5 7.Bg2 Nc6 8.O-O O-O
9.Qa4 Bb7 10.dxc5 Bxc5 11.Nb3 Be7 12.Rd1 Qc8 13.Bf4 Nb4 14.Ne5 Bxg2 15.Kxg2 Qb7+
16.Kg1 d5 17.a3 dxc4 18.axb4 cxb3 19.b5 Bc5 20.Nc6 Nd5 21.Be5 Rfc8  1/2-1/2

[Event "Oslo"]
[Site "Oslo"]
[Date "1985.??.??"]
[Round "?"]
[White "Renman, Nils Gustaf"]
[Black "Liabotro, Pal Ole"]
[Result "1-0"]
[WhiteElo "2425"]
[BlackElo "2200"]

1.d4 Nf6 2.Nf3 e6 3.c4 b6 4.g3 Ba6 5.b3 Bb4+ 6.Bd2 Be7 7.Bg2 c6 8.Bc3 d5
9.Nbd2 O-O 10.O-O c5 11.dxc5 bxc5 12.Ne5 Bb7 13.cxd5 exd5 14.Ndc4 Ne4 15.Bxe4 dxe4
16.Qc2 Qc8 17.Na5 f6 18.Nec4 Na6 19.Rfd1 Nb4 20.Bxb4 cxb4 21.Rac1 f5 22.Qd2 Rd8
23.Nd6 Rxd6 24.Rxc8+ Rxc8 25.Qe1 Rxd1 26.Qxd1 Rd8 27.Qc1 Rc8 28.Qf4 Ba6 29.Qxf5 Rc1+
30.Kg2 Bxe2 31.Qxe4 Re1 32.Qd5+ Kf8 33.Nc6 Bf1+ 34.Kf3 Be2+ 35.Kf4 Rd1 36.Nd4 Bf6
37.Qc5+  1-0

[Event "Pancevo"]
[Site "Pancevo"]
[Date "1985.??.??"]
[Round "?"]
[White "Sahovic, Dragutin"]
[Black "Rodriguez, Amador"]
[Result "0-1"]
[WhiteElo "2460"]
[BlackElo "2505"]

1.d4 Nf6 2.c4 e6 3.Nf3 b6 4.g3 Ba6 5.b3 Bb4+ 6.Bd2 Be7 7.Bg2 c6 8.Bc3 d5
9.Nbd2 Nbd7 10.O-O O-O 11.Re1 c5 12.e4 dxe4 13.Nxe4 Bb7 14.Nfg5 cxd4 15.Bxd4 Qc7
16.Nxf6+ Bxf6 17.Bxb7 Qxb7 18.Ne4 Bxd4 19.Qxd4 Rad8 20.Rad1 Qa8 21.Qc3 Nb8
22.Qf3 Nd7 23.Qh5 h6 24.f4 Rfe8 25.Nd6 Rf8 26.Qe2 Nf6 27.Rd3 Nd5 28.Nxf7 Rxf7
29.cxd5 exd5 30.Qe6 Kf8 31.Re5 d4 32.Rf5 Rxf5 33.Qxf5+ Kg8 34.Qe6+ Kh8 35.Qe5 Qc6
36.h4 Re8 37.Qxd4 Re1+ 38.Kf2 Qh1 39.g4 Qf1+ 40.Kg3 Re2  0-1

[Event "Nordic-chT"]
[Site "Pohja"]
[Date "1985.??.??"]
[Round "?"]
[White "Sygulski, Artur"]
[Black "Gruen, Peter"]
[Result "1-0"]
[WhiteElo "2425"]
[BlackElo "2410"]

1.d4 Nf6 2.c4 e6 3.Nf3 b6 4.g3 Ba6 5.b3 Bb7 6.Bg2 Bb4+ 7.Bd2 a5 8.O-O O-O
9.Qc2 c5 10.Be3 cxd4 11.Bxd4 Nc6 12.Bb2 Rc8 13.Nc3 d5 14.Rfd1 Qe7 15.Na4 Bc5
16.Nxc5 bxc5 17.cxd5 Nb4 18.d6 Nxc2 19.dxe7 Rfe8 20.Rac1 Nb4 21.a3 Nbd5 22.Ne5 Rxe7
23.Nc4 Ba6 24.e4 Bxc4 25.bxc4 Nb6 26.Bc3 Rd7 27.e5 Rxd1+ 28.Rxd1 Nfd7 29.f4 Kf8
30.Bb7 Rc7 31.Ba6 Ke7 32.Bb5 Ra7 33.Kf2 a4 34.Kf3 Nb8 35.Be1 Na8 36.Bf2 Rc7
37.Bxa4 Nb6 38.Bb5 N8d7 39.a4 Ra7 40.Ra1 f6 41.Ke4  1-0

[Event "Nordic-chT"]
[Site "Pohja"]
[Date "1985.??.??"]
[Round "?"]
[White "Sygulski, Artur"]
[Black "Schussler, Harry"]
[Result "1/2-1/2"]
[WhiteElo "2425"]
[BlackElo "2465"]

1.d4 Nf6 2.c4 e6 3.Nf3 b6 4.g3 Ba6 5.b3 Bb4+ 6.Bd2 Be7 7.Bg2 c6 8.Nc3 d5
9.O-O O-O 10.Bf4 Nbd7 11.Qd3 Rc8 12.Rac1 Ne8 13.e4 Nd6 14.e5 dxc4 15.Qe2 Nb5
16.bxc4 Nxc3 17.Rxc3 b5 18.Nd2 bxc4 19.Qg4 Kh8 20.Nxc4 Bxc4 21.Rxc4 Nb6 22.Rxc6 Rxc6
23.Bxc6 Qxd4 24.Qf3 Qc4 25.a4 Nxa4 26.Rc1 Qa2 27.Be3 Nb6 28.Be4 Kg8 29.Kg2 Rc8
30.Rxc8+ Nxc8 31.Bb7 Qc4  1/2-1/2

[Event "Nordic-chT"]
[Site "Pohja"]
[Date "1985.??.??"]
[Round "?"]
[White "Heinbuch, Detlef"]
[Black "Renman, Nils Gustaf"]
[Result "1/2-1/2"]
[WhiteElo "2360"]
[BlackElo "2440"]

1.d4 e6 2.c4 Nf6 3.Nf3 b6 4.g3 Ba6 5.Qc2 c5 6.Bg2 Bb7 7.O-O cxd4 8.Nxd4 Bxg2
9.Kxg2 Qc8 10.Bg5 Be7 11.Rd1 a6 12.f3 Nc6 13.Nc3 O-O 14.Nxc6 Qxc6 15.Ne4 Ng4
16.h3 Bxg5 17.hxg4 Be7 18.Rh1 f5 19.gxf5 exf5 20.Nc3 Qxc4 21.Rad1 Qe6 22.Qb3 Ra7
23.Rd5 b5 24.Re5 Qxb3 25.axb3 d6 26.Rd5 g6 27.Ra1 Raa8 28.Rd2 Rfc8 29.Nd5 Bg5
30.f4 Bd8 31.Nc3 b4 32.Nd5 a5 33.Ne3 Rc6 34.Rad1 Raa6 35.Kf3 Kf7 36.Nc2 Bf6
37.Ne3 Ke6 38.Nd5 Bg7 39.Re1 Ra7 40.e4 fxe4+ 41.Rxe4+ Kf7 42.Re1 Rc5 43.Red1 a4
44.bxa4 Rxa4 45.Re1 Ra7  1/2-1/2

[Event "Nordic-chT"]
[Site "Pohja"]
[Date "1985.??.??"]
[Round "?"]
[White "Gruen, Peter"]
[Black "Schussler, Harry"]
[Result "0-1"]
[WhiteElo "2410"]
[BlackElo "2465"]

1.d4 Nf6 2.Nf3 e6 3.c4 b6 4.g3 Ba6 5.b3 Bb4+ 6.Bd2 Be7 7.Bg2 c6 8.O-O d5
9.Qc2 Nbd7 10.Rc1 Rc8 11.a4 c5 12.Na3 Bb7 13.Qb2 O-O 14.b4 cxd4 15.Nxd4 Nb8
16.Rd1 Qd7 17.Bf4 Rfd8 18.Nf3 Qe8 19.Ne5 Nc6 20.Nb5 Nxe5 21.Bxe5 Rxc4 22.Nxa7 Rxb4
23.Qc3 Ra8 24.Nb5 Qc6 25.Qxc6 Bxc6 26.Nc3 Bc5 27.e3 Bxa4 28.Nxa4 Rbxa4 29.Rxa4 Rxa4
30.Rb1 Nd7 31.Bc7 Ra7 32.Bd8 Ra8 33.Bc7 Rc8 34.Bf4 e5 35.Bh3 exf4 36.Bxd7 Rc7
37.Bf5 fxe3 38.fxe3 g6 39.Bg4 Bxe3+ 40.Kg2 Rc2+ 41.Kf3  0-1

[Event "Nordic-chT"]
[Site "Pohja"]
[Date "1985.??.??"]
[Round "?"]
[White "Ostenstad, Berge"]
[Black "Gruen, Peter"]
[Result "0-1"]
[WhiteElo "2365"]
[BlackElo "2410"]

1.d4 Nf6 2.c4 e6 3.Nf3 b6 4.g3 Ba6 5.b3 Bb7 6.Bg2 Bb4+ 7.Bd2 a5 8.O-O O-O
9.a3 Bxd2 10.Qxd2 d6 11.Nc3 Ne4 12.Nxe4 Bxe4 13.Ne1 Bxg2 14.Nxg2 c5 15.d5 e5
16.b4 cxb4 17.axb4 Na6 18.bxa5 Nc5 19.Rfb1 bxa5 20.Rb5 a4 21.Qb4 Qc7 22.Ne1 e4
23.Nc2 h5 24.Nd4 Qe7 25.Ra3 Qf6 26.Nc6 Rfe8 27.Rxc5 dxc5 28.Qxc5 h4 29.d6 h3
30.Ne7+ Rxe7 31.dxe7 Qb2 32.f3 Qxe2 33.Qf2 Qd1+ 34.Qf1 Qd4+ 35.Kh1 Qe5 36.Re3 Qxe7
37.Rxe4 Qd7 38.Re2 Qd3 39.Rf2 Qd4 40.Ra2 a3 41.Qxh3 Qd1+ 42.Kg2 Qb3 43.Rd2 a2
44.Qh4 Qb8  0-1